Кластеры в газовой фазе: сборник научных трудов

Библиографические подробности
Автор-организация: Академия наук СССР (АН СССР) Сибирское отделение (СО) Институт теплофизики (ИТ)
Другие авторы: Востриков А. А. (редактор)
Язык:русский
Опубликовано: Новосибирск, Изд-во Института теплофизики, 1987
Предметы:
Формат: MixedMaterials Книга
Запись в KOHA:https://koha.lib.tpu.ru/cgi-bin/koha/opac-detail.pl?biblionumber=256878

MARC

LEADER 00000nam0a2200000 4500
001 256878
005 20231101233143.0
035 |a (RuTPU)RU\TPU\book\279622 
090 |a 256878 
100 |a 20140411d1987 k y0rusy50 ca 
101 0 |a rus 
102 |a RU 
105 |a a z 001zy 
200 1 |a Кластеры в газовой фазе  |e сборник научных трудов  |f Академия наук СССР (АН СССР), Сибирское отделение (СО), Институт теплофизики (ИТ) ; под ред. А. А. Вострикова 
210 |a Новосибирск  |c Изд-во Института теплофизики  |d 1987 
215 |a 174 с.  |c ил. 
320 |a Библиогр. в конце ст. 
606 1 |a Кластеры  |2 stltpush  |3 (RuTPU)RU\TPU\subj\14486  |9 40866 
610 1 |a газовые фазы 
610 1 |a конденсация 
610 1 |a образование 
610 1 |a технологические процессы 
610 1 |a хемосорбция 
610 1 |a кинетика 
610 1 |a оптические свойства 
675 |a 538.9  |v 3 
702 1 |a Востриков  |b А. А.  |4 340 
712 0 2 |a Академия наук СССР (АН СССР)  |b Сибирское отделение (СО)  |b Институт теплофизики (ИТ)  |c (Новосибирск)  |2 stltpush  |3 (RuTPU)RU\TPU\col\11307 
801 1 |a RU  |b 63413507  |c 20140411 
801 2 |a RU  |b 63413507  |c 20141125  |g RCR 
942 |c BK